000 00411nam a2200157Ia 4500
008 210210b2002 xxu||||| |||| 00| 0 eng d
020 _a81 7371 420 7
082 _a531 KUMH
100 _aKUMAR (Arvind) and BARVE (Shrish).
245 _aHow and why in basic mechanics.
260 _aHyderabad
_bUniversities Press
_c2002
300 _a290
650 _aMechanics
690 _aMechanics
906 _aSG04397
999 _c115236
_d115236